Famous People Named Les, Lester, or Leslie - Statistics

General Stats
  • This quiz has been taken 46 times
  • The average score is 4 of 11
Answer Stats
Life Hint Person % Correct
1926–2010 Comedy actor best known for Airplane! and the Naked Gun series Leslie Nielsen
88%
1915–2009 Jazz guitarist with a Gibson guitar named after him Les Paul
65%
1967– Actress and comedian on SNL from 2014 to 2019 Leslie Jones
35%
1972– Actress in Knocked Up, This Is 40, other Judd Apatow films Leslie Mann
33%
1959– Prominent American journalist, anchor of NBC Nightly News Lester Holt
30%
1963– Bassist and frontman for Primus Les Claypool
26%
Fictional Protagonist of American Beauty played by Kevin Spacey Lester Burnham
26%
1981– Portrayed Aaron Burr in the musical Hamilton Leslie Odom Jr.
19%
1961– Canadian filmmaker and survival expert of Survivorman Les Stroud
12%
1948–1982 Music journalist portrayed by Philip Seymour Hoffman in Almost Famous Lester Bangs
12%
1909–1959 Jazz saxophonist nicknamed "Prez," influential in swing and cool jazz Lester Young
12%
No matching quizzes found
Score Distribution
Percent of People with Each Score
Percentile by Number Answered
Your Score History
You have not taken this quiz